000 00947nam a22002297a 4500
005 20250619153323.0
010 _aB-766654-683 ENG-145501 BACEN25
020 _a9789355018649
_c599.00
035 _aB-766654-683
035 _aEN-129033
037 _bUDH
082 _a000
100 _aMalhotra, Raj
_982165
245 _aErrorless 24 Previous Years UPSC Civil Services IAS Prelims/
_cBy Raj Malhotra
250 _a1
260 _aNew Delhi
_bS Chand and Company Limited
_c2024
270 _a A-27, 2nd Floor, Mohan Co-operative Industrial Estate
_bNew Delhi
_e110044
_minfo@schandpublishing.com
_k011-49731800
300 _avpp.
_c26cm(pb)
500 _a GS Paper 1 | 300+ Sub-Topics | 3460 MCQs
942 _2ddc
_cEN
_h000
_mMAL
999 _c208741
_d208741